| 000 | 00885 a2200253 4500 | ||
|---|---|---|---|
| 020 | _a0-471-66069-8 | ||
| 082 |
_a624.18341 _bPAR _cL-19, P-58 |
||
| 100 |
_aPARKER, HARRY _940845 |
||
| 245 | _aSIMPLIFIED DESIGN OF REINFORCED CONCRETE | ||
| 250 | _a4TH | ||
| 260 |
_aNEW YORK _bJOHN WILEY & SONS _c1976 |
||
| 300 | _aXIV, 303 P, HB, ILL | ||
| 500 | _aCONCRETE | ||
| 526 |
_a0 _b0 _c0 _d624_183410000000000_PAR_L19_P5 |
||
| 526 |
_a0 _b0 _c0 _d624_183410000000000_PAR_L19_P5 |
||
| 526 |
_a0 _b0 _c0 _d624_183410000000000_PAR_L19_P5 |
||
| 526 |
_a0 _b0 _c0 _d624_183410000000000_PAR_L19_P5 |
||
| 526 |
_a0 _b0 _c0 _d624_183410000000000_PAR_L19_P5 |
||
| 526 |
_a0 _b0 _c0 _d624_183410000000000_PAR_L19_P5 |
||
| 526 |
_a0 _b0 _c0 _d624_183410000000000_PAR_L19_P5 |
||
| 526 |
_a0 _b0 _c0 _d624_183410000000000_PAR_L19_P5 |
||
| 526 |
_a0 _b0 _c0 _d624_183410000000000_PAR_L19_P5 |
||
| 942 |
_2ddc _cBKB |
||
| 999 |
_c546906 _d546906 |
||